000 00917nam a2200277 i 4500
003 EG-GICUC
005 20260330225142.0
008 260330s1955 uk ||||fr|||| 00| 0 eng d
040 _aEG-GiCUC
_beng
_cEG-GiCUC
_dEG-GiCUC
_eRda
082 0 4 _221
_a341.9
_bCR . L
092 0 4 _221
099 _aLaw1 12 341.9 CR . L 1955
100 1 _aCressey,George B.
_eAuthor.
245 _aLand Of The 500 Million :
_bA Geography Of China /
_cGeorge B.Cressey .
264 1 _aUnited Kingdom :
_bMcGraw-Hill Book Company ,
_c1955 .
300 _a387 page ;
_c24 cm.
336 _2rda contenu
_a texte
337 _2rda medias
_aOrdinateur
338 _2 transporteur rda
_a Ressource en ligne
546 _aText in English
650 _aDroit International Privé
650 _aDroit International – Histoire
856 4 0 _uhttps://fll.law.cu.edu.eg/fulltext/bks/B12-02884.pdf
905 _a59
942 _2ddc
_n0
_cBK
_e21
999 _c67600
_d67600